Shrati. (Record no. 112580)

MARC details
000 -LEADER
fixed length control field 00493nam a2200193Ia 4500
003 - CONTROL NUMBER IDENTIFIER
control field OSt
005 - DATE AND TIME OF LATEST TRANSACTION
control field 20250812144620.0
008 - FIXED-LENGTH DATA ELEMENTS--GENERAL INFORMATION
fixed length control field 210210b1977 xxu||||| |||| 00| 0 eng d
040 ## - CATALOGING SOURCE
Transcribing agency AL
041 ## - LANGUAGE CODE
Language code of text/sound track or separate title Kannada
082 ## - DEWEY DECIMAL CLASSIFICATION NUMBER
Classification number K894.3 CHIS
100 ## - MAIN ENTRY--PERSONAL NAME
Personal name CHITRALEKHA
Dates associated with a name ಚಿತ್ರಲೇಖಾ
9 (RLIN) 235133
245 ## - TITLE STATEMENT
Title Shrati.
Remainder of title ಶ್ರುತಿ
260 ## - PUBLICATION, DISTRIBUTION, ETC.
Place of publication, distribution, etc. Bengaluru
Name of publisher, distributor, etc. Prakasha Sahitya
Date of publication, distribution, etc. 1977
300 ## - PHYSICAL DESCRIPTION
Extent 184
690 ## - LOCAL SUBJECT ADDED ENTRY--TOPICAL TERM (OCLC, RLIN)
Topical term or geographic name as entry element Kannada Fiction
9 (RLIN) 235134
906 ## - LOCAL DATA ELEMENT F, LDF (RLIN)
a SG01107
942 ## - ADDED ENTRY ELEMENTS (KOHA)
Source of classification or shelving scheme Dewey Decimal Classification
Koha item type Special Grants
Holdings
Withdrawn status Lost status Source of classification or shelving scheme Damaged status Not for loan Collection code Home library Current library Shelving location Date acquired Cost, normal purchase price Total Checkouts Full call number Barcode Date last seen Price effective from Koha item type
    Dewey Decimal Classification     Kannada St Aloysius Library St Aloysius Library   02/17/2021 0.00   K894.3 CHIS SG01107 02/17/2021 02/17/2021 Special Grants